000
00295nam a2200121Ia 4500
008
190216s9999||||xx |||||||||||||| ||und||
100
_a
Dewett K K
245
0
_a
Price Theory Or Micro Economics
260
_b
Shyamlal Charitable Trust
_c
1977
300
_a
604p
650
_a
Economics
942
_c
BK
999
_c
9641
_d
9641